American history as told by postage stamps : United States, British North America and Mexico (Record no. 1756)

000 -LEADER
fixed length control field 00507nam a22000977a 4500
008 - FIXED-LENGTH DATA ELEMENTS--GENERAL INFORMATION
fixed length control field 160125b xxu||||| |||| 00| 0 eng d
100 ## - MAIN ENTRY--AUTHOR'S NAME
Author's Name Gill, Charles C.
245 ## - TITLE STATEMENT
Title American history as told by postage stamps : United States, British North America and Mexico
260 ## - PUBLICATION, DISTRIBUTION, ETC. (IMPRINT)
Place of publication, distribution, etc. Holton, KS
Name of publisher, distributor, etc. Weekly Philatelic Gossip
Date of publication, distribution, etc. 1938
650 ## - TOPICAL TERM (Tag)
Topical term or geographic name North America | United States | British North America | Canada | Mexico | Topical Collecting | History | Famous People | Designs | Commemorative Issues | Definitive Issues | Americana
Holdings
Withdrawn status Lost status Source of classification or shelving scheme Damaged status Koha normalized classification for sorting Not for loan Permanent Location Current Location Date acquired Total Checkouts Full call number Barcode Date last seen Price effective from
        G3301 T674 G475   Northern Philatelic Library Northern Philatelic Library 01/25/2016   G3301 .T674 G475 1002014 04/15/2017 01/25/2016

Powered by Koha